Frazioni della Val Vogna - Statistics

Statistiche generali
  • Questo quiz è stato fatto 4 volte
  • Il punteggio medio è 13 su 15
Statistiche sulle risposte
Altitudine Frazione % Corretto
1354 Ca' di Janzo
100%
1507 Cambiaveto
100%
1372 Ca' Morca
100%
1360 Ca' Piacentino
100%
1471 Ca' Vescovo
100%
1504 Oro
100%
1480 Peccia
100%
1494 Piane
100%
1485 Rabernardo
100%
1380 Sant'Antonio
100%
1537 Selletto
100%
1550 Selveglio
100%
1640 Montata
33%
1280 Vogna di sotto
33%
1374 Ca' Verno
0%
Nessun quiz corrispondente trovato
Distribuzione punteggi
Percentuale di utenti per punteggio
Percentile per numero di risposta
I tuoi punteggi nel tempo
Non hai fatto questo quiz